Logo BPK

Biblioteka

Politechniki Koszalińskiej

Programmirovanie na jazyke assemdl'era dlja mikroprocessorov... / (Rekord nr 23531)

Szczegóły MARC
000 -ETYKIETA REKORDU
podpole kontrolne o stałej długości 00380nam a2200145 i 4500
001 - NUMER KONTROLNY REKORDU
pole kontrolne bg
040 ## - ŹRÓDŁO KATALOGOWANIA
Instytucja, która utworzyła rekord BPK
041 ## - KOD JĘZYKA
Kod języka tekstu pol
008 - POLE O STAŁEJ DŁUGOŚCI - DANE KONTROLNE
podpole kontrolne o stałej długości s pl f |000 0 pol
100 1# - NAZWA OSOBOWA
Nazwa osobowa LEVENTAL', L.
245 #0 - TYTUŁ/ODPOWIEDZIALNOŚĆ
Tytuł Programmirovanie na jazyke assemdl'era dlja mikroprocessorov... /
Pozostałe elementy strefy tytułu i oznaczenia odpowiedzialności L. Levental', U. Sejvill.
260 ## - STREFA ADRESU WYDAWNICZEGO
Miejsce wydania Moskva,
Data publikacji, dystrybucji/powstania dokumentu 1987.
700 1# - HASŁO DODATKOWE - NAZWA OSOBOWA
Nazwa osobowa SEJVILL, U.
942 ## - DODATKOWE ELEMENTY (KOHA)
Typ dokumentu Książka
Egzemplarze
Wycofany Status egzemplarza Uszkodzony Dostępność Lokalizacja stała Lokalizacja bieżąca Miejsce przechowywania Sygnatura Kod kreskowy Typ dokumentu
      Dostępny Biblioteka Politechniki Koszalińskiej Biblioteka Politechniki Koszalińskiej Wypożyczalnia BG 33661 01587654 Książka
© 2023 Biblioteka Politechniki Koszalińskiej :: KOHA